00266nam a2200109Ia 4500008004100000100002500041245003500066260001800101650001300119942000700132999001700139190216s9999||||xx |||||||||||||| ||und|| aPunathil Kunhabdulla 0aMarichupoya Ente Appanammamark bCurrent Books aKathakal cBK c26094d26094